| 000 | 00570 a2200181 4500 | ||
|---|---|---|---|
| 999 |
_c5216 _d5216 |
||
| 020 | _a1416500243 | ||
| 050 | _aPR4167 BRO 2005 | ||
| 100 |
_aBronte, Charlotte _eauthor |
||
| 245 |
_aJane Eyre / _cCharlotte Bronte, supplementary material written by Cree LeFavour |
||
| 264 |
_aNew York : _bPocket Books, _c2005 |
||
| 300 | _a602p. : | ||
| 500 | _aFiction | ||
| 650 | _aGovernesses -- Fiction. | ||
| 650 | _aCountry homes -- Fiction. | ||
| 650 | _aMentally ill women -- Fiction. | ||
| 700 |
_aJohnson, Cynthia Brantley _eseries editor |
||
| 942 |
_2lcc _cBK _h4167 _iBRO _kPR |
||